UBT Library

The Theory of market failure : (Record no. 43177)

000 -LEADER
fixed length control field 00586pam a2200217 a 4500
001 - CONTROL NUMBER
control field 4328505
005 - DATE AND TIME OF LATEST TRANSACTION
control field 20180222065655.0
008 - FIXED-LENGTH DATA ELEMENTS--GENERAL INFORMATION
fixed length control field 880413s1988 vau b s000 0 eng
010 ## - LIBRARY OF CONGRESS CONTROL NUMBER
LC control number 88014743
020 ## - INTERNATIONAL STANDARD BOOK NUMBER
International Standard Book Number 0913969133 (alk. paper)
040 ## - CATALOGING SOURCE
Original cataloging agency DLC
Transcribing agency DLC
Modifying agency DLC
041 ## - LANGUAGE CODE
Language code of text/sound track or separate title eng
080 ## - UNIVERSAL DECIMAL CLASSIFICATION NUMBER
Universal Decimal Classification number 363 tyl
082 00 - DEWEY DECIMAL CLASSIFICATION NUMBER
Classification number 363 tyl
Edition number 19
100 ## - Rafti
Rafti 59
101 ## - Shkurtesa
Shkurtesa mar
245 04 - TITLE STATEMENT
Title The Theory of market failure :
Statement of responsibility, etc edited by Tyler Cowen.
504 ## - BIBLIOGRAPHY, ETC. NOTE
Bibliography, etc Includes bibliographies.
906 ## - LOCAL DATA ELEMENT F, LDF (RLIN)
a 7
b cbc
c orignew
d 1
e ocip
f 19
g y-gencatlg
942 ## - ADDED ENTRY ELEMENTS (KOHA)
Source of classification or shelving scheme
Item type Books
Holdings
Withdrawn status Lost status Source of classification or shelving scheme Damaged status Not for loan Collection code Permanent location Current location Shelving location Date acquired Total Checkouts Full call number Barcode Date last seen Price effective from Koha item type
          Koleksioni i përgjithshem UBT - Lipjan UBT - Lipjan Koleksioni i përgjithshem 02/22/2018   363 tyl 002-2999769 02/22/2018 02/22/2018 Books
UBT Library © 2015-2024. All rights reserved University Education for Business and Technology